Image Word Wheel VI Quiz Stats

 Plays Quiz Updated Aug 26, 2018

Score 0/12 Timer 02:00
2 Plays Today
% Correct
STORK
96.3%
SPORK
96.2%
SPOCK
95.9%
STORE
95.6%
STARE
93.8%
STICK
93.7%
SPARE
90.8%
STOCK
87.3%
SPACE
87.2%
SPICE
86.7%
SLICE
75.9%
SLICK
71.4%

You're not logged in!

Compare scores with friends on all Sporcle quizzes.
OR
Log In

Sporcle TV

Today on Sporcle TV


Watch our educational content, quiz creation guides, and fun videos on Sporcle TV.

Show Comments

Extras

Top Quizzes Today


Score Distribution

Your Account Isn't Verified!

In order to create a playlist on Sporcle, you need to verify the email address you used during registration. Go to your Sporcle Settings to finish the process.

Report this User

Report this user for behavior that violates our Community Guidelines.

Details: